Name Every Love Island Contestant There Has Ever Been (UK) - Statistics

General Stats
  • This quiz has been taken 891 times
  • The average score is 46 of 119
Answer Stats
Season Answer % Correct
3 Olivia Attwood
78%
2 Olivia Buckland
78%
3 Amber Davies
77%
1 Chris Baxter
76%
3 Chris Hughes
76%
1 Chris Williamson
76%
4 Dani Dyer
76%
3 Alex Beattie
75%
2 Alex Bowen
75%
4 Alex George
75%
4 Alex Miller
75%
4 Jack Fincham
74%
4 Jack Fowler
74%
3 Kem Cetinay
74%
3 Georgia Harrison
70%
4 Georgia Steel
70%
4 Sam Bird
69%
3 Sam Gowland
69%
4 Adam Collard
64%
2 Adam Jukes
64%
2 Adam Maxted
64%
1 Jess Hayes
64%
3 Jessica Shears
64%
4 Josh Denzel
64%
4 Josh Mair
64%
1 Josh Ritchie
64%
4 Laura Anderson
61%
4 Laura Crane
61%
4 Megan Barton Hanson
61%
2 Tom Powell
61%
4 Wes Nelson
61%
2 Zara Holland
59%
4 Zara McDermott
59%
3 Camilla Thurlow
56%
2 Sophie Gradon
56%
3 Montana Brown
55%
3 Mike Thalassitis
53%
2 Kady McDermott
52%
3 Jamie Jewitt
51%
3 Marcel Somerville
51%
3 Nathan Joseph
51%
2 Nathan Massey
51%
1 Jon Clark
50%
2 Cara De La Hoyde
49%
3 Dom Lever
48%
2 Scott Thomas
48%
4 Ellie Brown
46%
4 Ellie Jones
46%
3 Gabby Allen
46%
1 Hannah Elizabeth
46%
1 John Alberti
46%
4 Kazimir Crossley
46%
1 Max Morley
40%
4 Rosie Williams
39%
4 Eyal Booker
38%
4 Charlie Brake
37%
4 Charlie Frederick
37%
4 Charlie Williams
37%
2 Emma Jane Woodham
37%
2 Terry Walsh
37%
2 Malin Andersson
35%
4 Paul Knops
35%
4 Samira Mighty
35%
3 Chloe Crowhurst
34%
2 Daniel Lukakis
34%
2 Katie Salmon
34%
3 Theo Campbell
33%
2 James Khan
32%
4 Kendall Rae-Knight
31%
4 Alexandra Cane
30%
3 Jonny Mitchell
30%
4 Hayley Hughes
29%
3 Tyla Carr
29%
4 Jordan Adefeyisan
27%
1 Jordan Ring
27%
1 Lauren Richardson
26%
2 Lauren Whiteside
26%
1 Rachel Christie
26%
2 Rachel Fenton
26%
4 Niall Aslam
25%
2 Rykard Jenkins
25%
3 Harley Judge
24%
2 Tina Stinnes
21%
4 Frankie Foster
20%
1 Ben Porter
19%
1 Zoe Basia Brown
19%
3 Tyne-Lexy Clarson
18%
4 Grace Wardle
17%
1 Luis Morrison
17%
3 Chyna Ellis
16%
1 Danielle Pyne
16%
3 Danielle Sellers
16%
1 Naomi Ball
15%
1 Cally Jane Beech
14%
3 Craig Lawson
14%
2 Javi Shephard
14%
3 Simon Searles
14%
2 Malia Arkian
13%
1 Omar Sultani
13%
3 Rob Lipsett
13%
2 Oliver Maxwell Fernandez
12%
3 Steve Ball
12%
4 Stephanie Lam
11%
1 Tony Alberti
11%
1 Daisy Muller
10%
4 Idris Virgo
10%
2 Liana Isadora Van Riel
10%
3 Amelia Peters
9%
4 Dean Overson
9%
4 Kieran Nicholls
9%
1 Bethany Rogers
8%
4 Darylle Sargeant
8%
1 Poppy Farnan
8%
4 Savanna Darnell
7%
3 Marino Katsouris
5%
1 Travis Almond
5%
2 Troy Frith
5%
3 Ellisha-Jade White
4%
3 Shannen McGrath
4%
No matching quizzes found
Score Distribution
Percent of People with Each Score
Percentile by Number Answered
Your Score History
You have not taken this quiz